[Event "Peterhof-C"]
[Site "Peterhof"]
[Date "2009.01.16"]
[Round "4"]
[White "Timofeev, Andrei"]
[Black "Kobzar, Alexandr"]
[Result "1-0"]
[WhiteElo "2216"]
[BlackElo "2187"]
[PlyCount "127"]
[EventDate "2009.01.13"]
[EventType "tourn"]
[EventRounds "9"]
[EventCountry "RUS"]
[EventCategory "2"]
[SourceTitle "EXT 2010"]
[Source "ChessBase"]
[SourceDate "2010.11.25"]
[SourceVersion "1"]
[SourceVersionDate "2010.11.25"]
[SourceQuality "1"]

1. c4 Nf6 2. Nc3 g6 3. Nf3 Bg7 4. g3 d6 5. Bg2 0-0 6. 0-0 Nc6 7. Rb1 e5 8. d3 Be6 9. b4 Qd7 10. Ng5 Bf5 11. e4 Bg4 12. f3 Be6 13. Nxe6 Qxe6 14. Nd5 Qd7 15. b5 Nd4 16. Nxf6+ Bxf6 17. Rf2 Bg7 18. Qf1 Qe7 19. Be3 Ne6 20. f4 exf4 21. gxf4 Qh4 22. Kh1 Rae8 23. Rf3 Nd4 24. Rh3 Qg4 25. Qf2 c5 26. bxc6 Nxc6 27. f5 Bf6 28. Rg1 Ne5 29. Bf1 Qd1 30. Be2 Qc2 31. Qf4 Bg7 32. f6 Qxe2 33. fxg7 Kxg7 34. Qh6+ Kf6 35. Bg5+ Ke6 36. Re3 Qh5 37. Qxh5 gxh5 38. Rf1 f6 39. Bh4 Rc8 40. h3 Ng6 41. Be1 Rc6 42. Bb4 Rb6 43. a3 Ne5 44. c5 Rb5 45. d4 Nc4 46. Rg3 a5 47. Bc3 Rf7 48. d5+ Ke7 49. Bd4 dxc5 50. a4 Nd2 51. axb5 Nxf1 52. Bxc5+ Kd7 53. Rg2 h4 54. Rg4 Nd2 55. Rf4 Rg7 56. Be3 Nc4 57. Bd4 a4 58. Bxf6 Rg3 59. e5 Nd2 60. e6+ Kd6 61. e7 Re3 62. Rxa4 Re2 63. Rf4 Nb3 64. Bxh4 1-0

[Event "Peterhof-C"]
[Site "Peterhof"]
[Date "2009.01.14"]
[Round "2"]
[White "Timofeev, Andrei"]
[Black "Toder, Denis"]
[Result "0-1"]
[WhiteElo "2216"]
[BlackElo "2198"]
[PlyCount "112"]
[EventDate "2009.01.13"]
[EventType "tourn"]
[EventRounds "9"]
[EventCountry "RUS"]
[EventCategory "2"]
[SourceTitle "EXT 2010"]
[Source "ChessBase"]
[SourceDate "2010.11.25"]
[SourceVersion "1"]
[SourceVersionDate "2010.11.25"]
[SourceQuality "1"]

1. c4 Nf6 2. Nc3 c5 3. Nf3 Nc6 4. e3 g6 5. d4 Bg7 6. d5 Na5 7. Bd3 a6 8. Qe2 0-0 9. 0-0 Rb8 10. e4 d6 11. h3 e6 12. Bg5 h6 13. Be3 exd5 14. exd5 Qc7 15. a4 Bd7 16. Rac1 b5 17. axb5 axb5 18. cxb5 c4 19. Bc2 Qb7 20. Ra1 Ra8 21. Qd2 Bf5 22. Nd4 Bxc2 23. Qxc2 Nxd5 24. Nxd5 Qxd5 25. Rfd1 Qh5 26. b6 d5 27. Ra3 Nb7 28. Ra7 Nd6 29. Nc6 Nb5 30. Rxa8 Rxa8 31. b7 Re8 32. Rxd5 Qxd5 33. Ne7+ Rxe7 34. b8Q+ Kh7 35. Qd2 Qf5 36. g3 Rd7 37. Qe2 c3 38. b3 Nd4 39. Bxd4 Rxd4 40. Qc7 Rd2 41. Qe3 Bd4 42. g4 Qf6 43. Qcf4 Qg7 44. Qee4 Bxf2+ 45. Qxf2 Rxf2 46. Kxf2 Qf6+ 47. Ke2 Qd6 48. Qe3 c2 49. Qd2 Qe6+ 50. Kf2 Qxb3 51. Qf4 Kg8 52. g5 hxg5 53. Qxg5 Qb2 54. Kf3 c1Q 55. Qd8+ Kg7 56. Qd4+ Qxd4 0-1

[Event "Peterhof op"]
[Site "Peterhof"]
[Date "2009.01.06"]
[Round "6"]
[White "Timofeev, Andrei"]
[Black "Fedoseev, Vasily"]
[Result "1-0"]
[WhiteElo "2216"]
[BlackElo "2171"]
[PlyCount "69"]
[EventDate "2009.01.03"]
[EventType "swiss"]
[EventRounds "9"]
[EventCountry "RUS"]
[SourceTitle "CBM 128 Extra"]
[Source "ChessBase"]
[SourceDate "2009.03.05"]
[SourceVersion "2"]
[SourceVersionDate "2009.03.25"]
[SourceQuality "1"]

1. c4 e5 2. Nc3 Nc6 3. g3 g6 4. Bg2 Bg7 5. e4 d6 6. d3 Be6 7. Nge2 h5 8. h4 Qd7 9. Nd5 Nd8 10. Be3 c6 11. Ndc3 Nf6 12. Ng1 d5 13. cxd5 cxd5 14. Bc5 d4 15. Nce2 Qb5 16. Ba3 Bf8 17. Bxf8 Kxf8 18. Nf3 Nd7 19. Qd2 f6 20. 0-0 Nc5 21. Ne1 Nc6 22. f4 Kg7 23. b3 Qb4 24. Qc1 a5 25. Rb1 Qb5 26. Qd2 a4 27. b4 a3 28. fxe5 fxe5 29. Qg5 Rhf8 30. Nf3 Nd7 31. Nf4 Rxf4 32. gxf4 Qxd3 33. b5 Nd8 34. f5 Bf7 35. fxg6 1-0

[Event "Peterhof op"]
[Site "Peterhof"]
[Date "2009.01.04"]
[Round "3"]
[White "Timofeev, Andrei"]
[Black "Zubritskiy, Artyom"]
[Result "1/2-1/2"]
[WhiteElo "2216"]
[BlackElo "2347"]
[PlyCount "91"]
[EventDate "2009.01.03"]
[EventType "swiss"]
[EventRounds "9"]
[EventCountry "RUS"]
[SourceTitle "CBM 128 Extra"]
[Source "ChessBase"]
[SourceDate "2009.03.05"]
[SourceVersion "2"]
[SourceVersionDate "2009.03.25"]
[SourceQuality "1"]

1. c4 f5 2. Nc3 Nf6 3. Nf3 e6 4. d4 d5 5. Bf4 c6 6. e3 Be7 7. Bd3 0-0 8. Qc2 Ne4 9. Bxe4 fxe4 10. Ne5 Nd7 11. Nxd7 Bxd7 12. Qe2 Be8 13. 0-0 g5 14. Be5 Bg6 15. c5 Qe8 16. f4 exf3 17. gxf3 Bf5 18. Rf2 Bh3 19. Kh1 Qg6 20. Rg1 h5 21. f4 Bg4 22. Qf1 Qf5 23. Qb1 Qxb1 24. Nxb1 Kh7 25. Nd2 gxf4 26. exf4 Rg8 27. Rfg2 Rg6 28. h3 Bf5 29. Rxg6 Bxg6 30. Kh2 Rg8 31. Nf3 Be4 32. Ng5+ Bxg5 33. fxg5 Rf8 34. Bf6 b6 35. Rc1 bxc5 36. Rxc5 Rb8 37. b3 Rb6 38. Kg3 Kg6 39. Kf4 Bb1 40. Ra5 a6 41. h4 Bd3 42. Rc5 Bb1 43. a3 Rxb3 44. Rxc6 Rh3 45. Rxe6 Rxh4+ 46. Kg3 1/2-1/2

[Event "Chigorin Memorial 16th"]
[Site "St Petersburg"]
[Date "2008.10.09"]
[Round "7"]
[White "Timofeev, Andrei"]
[Black "Kushka, Alena"]
[Result "1/2-1/2"]
[WhiteElo "2205"]
[BlackElo "2123"]
[PlyCount "113"]
[EventDate "2008.10.03"]
[EventType "swiss"]
[EventRounds "9"]
[EventCountry "RUS"]
[SourceTitle "CBM 126 Extra"]
[Source "ChessBase"]
[SourceDate "2008.11.05"]
[SourceVersion "1"]
[SourceVersionDate "2008.11.05"]
[SourceQuality "1"]

1. c4 e5 2. Nc3 d6 3. d4 exd4 4. Qxd4 Nc6 5. Qd2 Nf6 6. b3 Be6 7. e4 Be7 8. g3 Nxe4 9. Nxe4 d5 10. Nc3 d4 11. Bb2 dxc3 12. Bxc3 Qxd2+ 13. Kxd2 0-0-0+ 14. Ke2 Bg4+ 15. f3 Bc5 16. Bh3 Rhe8+ 17. Kf1 Bxh3+ 18. Nxh3 Re3 19. Be1 Rxf3+ 20. Kg2 Rfd3 21. Rf1 Ne5 22. Nf4 R3d7 23. h3 c6 24. Bc3 Bd4 25. Bxd4 Rxd4 26. Rae1 Rd2+ 27. Rf2 Rxf2+ 28. Kxf2 f6 29. Re2 Rd7 30. g4 Nd3+ 31. Kg3 Nxf4 32. Kxf4 Kd8 33. h4 Rd4+ 34. Kg3 Kd7 35. Kf3 b5 36. cxb5 cxb5 37. Rc2 a6 38. h5 f5 39. gxf5 Rh4 40. Rg2 Rxh5 41. Rxg7+ Ke8 42. Kf4 Rh2 43. Ke5 a5 44. a4 bxa4 45. bxa4 Rh4 46. Ke6 Re4+ 47. Kf6 h5 48. Rg8+ Kd7 49. Rg5 h4 50. Rh5 Rxa4 51. Ke5 Rg4 52. f6 Ke8 53. Ke6 Re4+ 54. Kf5 Rb4 55. Rh8+ Kf7 56. Rh7+ Kg8 57. Ra7 1/2-1/2

[Event "Chigorin Memorial 16th"]
[Site "St Petersburg"]
[Date "2008.10.08"]
[Round "6"]
[White "Balaian, Alina"]
[Black "Timofeev, Andrei"]
[Result "0-1"]
[WhiteElo "1934"]
[BlackElo "2205"]
[PlyCount "92"]
[EventDate "2008.10.03"]
[EventType "swiss"]
[EventRounds "9"]
[EventCountry "RUS"]
[SourceTitle "CBM 126 Extra"]
[Source "ChessBase"]
[SourceDate "2008.11.05"]
[SourceVersion "1"]
[SourceVersionDate "2008.11.05"]
[SourceQuality "1"]

1. e4 c6 2. d4 d5 3. f3 dxe4 4. fxe4 e5 5. Nf3 Bg4 6. Bc4 Nf6 7. Bxf7+ Ke7 8. c3 Bxf3 9. Qxf3 Kxf7 10. dxe5 Nbd7 11. exf6 Qxf6 12. Bf4 Kg8 13. Rf1 Re8 14. Nd2 Qe6 15. b3 a5 16. Be3 h6 17. Qf5 Bd6 18. 0-0-0 Nf6 19. Bd4 Qxf5 20. Rxf5 Nxe4 21. Nc4 Bxh2 22. Rxa5 Bf4+ 23. Kb2 b5 24. Ra7 Rh7 25. Be5 bxc4 26. Bxf4 g5 27. Rxh7 Kxh7 28. Bc7 cxb3 29. axb3 Kg6 30. g4 Re7 31. Bb8 Rb7 32. Be5 Re7 33. Bb8 Rb7 34. Be5 Nf2 35. Rd6+ Kh7 36. Rxc6 Nd3+ 37. Kc2 Nxe5 38. Re6 Nxg4 39. c4 h5 40. c5 h4 41. c6 Rb5 42. Re4 Rc5+ 43. Kd2 h3 44. Rc4 Rxc4 45. bxc4 Nf6 46. Ke3 Ne8 0-1

[Event "Chigorin Memorial 16th"]
[Site "St Petersburg"]
[Date "2008.10.05"]
[Round "3"]
[White "Timofeev, Andrei"]
[Black "Kopasov, Evgeny Aleksandrovi"]
[Result "1-0"]
[WhiteElo "2205"]
[BlackElo "2046"]
[PlyCount "135"]
[EventDate "2008.10.03"]
[EventType "swiss"]
[EventRounds "9"]
[EventCountry "RUS"]
[SourceTitle "CBM 126 Extra"]
[Source "ChessBase"]
[SourceDate "2008.11.05"]
[SourceVersion "1"]
[SourceVersionDate "2008.11.05"]
[SourceQuality "1"]

1. c4 e5 2. Nc3 Nc6 3. Nf3 g6 4. g3 Bg7 5. Bg2 d6 6. Rb1 a5 7. a3 f5 8. d3 Nf6 9. 0-0 0-0 10. b4 axb4 11. axb4 h6 12. Ne1 Rb8 13. Nc2 Ne7 14. b5 Be6 15. Bd2 d5 16. cxd5 Nexd5 17. Nxd5 Nxd5 18. Qc1 g5 19. Nb4 Rf7 20. Nxd5 Bxd5 21. e4 Be6 22. exf5 Bxf5 23. Be4 Bxe4 24. dxe4 Qd3 25. Rb4 Ra8 26. Be3 Rd7 27. Qc4+ Qxc4 28. Rxc4 Ra5 29. Rb1 Kf7 30. Kg2 g4 31. h3 h5 32. h4 Bf8 33. Rb2 Ke6 34. Kf1 Be7 35. Ke2 Bf8 36. f4 gxf3+ 37. Kxf3 Rf7+ 38. Kg2 Ra3 39. Bf2 Bd6 40. Rcc2 Rff3 41. Ra2 Kf6 42. Rd2 Rfb3 43. Rxa3 Rxa3 44. b6 Rb3 45. bxc7 Bxc7 46. Rd7 Ba5 47. Rd6+ Kg7 48. Rd5 Bc3 49. Rd7+ Kg6 50. Rd6+ Kg7 51. Rd3 b5 52. g4 hxg4 53. Kg3 b4 54. Kxg4 Rb2 55. Bc5 Rg2+ 56. Kf5 Rh2 57. Rd7+ Kg8 58. Rd8+ Kg7 59. Rd7+ Kg8 60. Rb7 Rxh4 61. Be3 Rh2 62. Bg5 Rf2+ 63. Kg6 Bd4 64. Rb8+ Rf8 65. Rxb4 Rc8 66. Rb7 Rc6+ 67. Bf6 Rc8 68. Rh7 1-0

[Event "Peterhof"]
[Site "Peterhof"]
[Date "2008.08.17"]
[Round "9"]
[White "Timofeev, Andrei"]
[Black "Fedoseev, Vladimir1"]
[Result "0-1"]
[WhiteElo "2236"]
[BlackElo "2216"]
[PlyCount "111"]
[EventDate "2008.08.12"]
[EventType "tourn"]
[EventRounds "11"]
[EventCountry "RUS"]
[EventCategory "2"]
[SourceTitle "CBM 125 Extra"]
[Source "ChessBase"]
[SourceDate "2008.09.01"]
[SourceVersion "1"]
[SourceVersionDate "2008.09.01"]
[SourceQuality "1"]

1. c4 g6 2. Nc3 Bg7 3. g3 Nf6 4. Bg2 d6 5. e3 h5 6. Nf3 c6 7. d4 Be6 8. b3 Qc8 9. h4 Bg4 10. Qc2 Na6 11. a3 Nc7 12. Ng5 0-0 13. Bb2 e5 14. dxe5 dxe5 15. f3 Bf5 16. e4 Bd7 17. Nd1 Nfe8 18. Nf2 f6 19. Ngh3 c5 20. Nd1 Ne6 21. Ne3 Nd4 22. Bxd4 cxd4 23. Nd5 Qd8 24. Nf2 Nc7 25. Bh3 Nxd5 26. exd5 f5 27. 0-0 Kh7 28. Rae1 Qc7 29. Kg2 Rac8 30. a4 Qd6 31. Nd3 Qxd5 32. cxd5 Rxc2+ 33. Rf2 Rxf2+ 34. Kxf2 e4 35. Nf4 e3+ 36. Kg1 Rc8 37. Bf1 Rc3 38. Bc4 Be5 39. Ne2 Rxc4 40. bxc4 d3 41. f4 Bg7 42. d6 Bxa4 43. Rb1 d2 44. c5 Bc2 45. d7 Bf6 46. Rf1 Bd3 47. Nc3 e2 48. Nxe2 Bxe2 49. c6 Bxf1 50. c7 Bd4+ 51. Kxf1 d1Q+ 52. Kg2 Qe2+ 53. Kh1 Qf3+ 54. Kh2 Qf2+ 55. Kh3 Qg1 56. g4 0-1

[Event "Peterhof"]
[Site "Peterhof"]
[Date "2008.08.15"]
[Round "5"]
[White "Urjubdshzirov, Erdni"]
[Black "Timofeev, Andrei"]
[Result "1/2-1/2"]
[WhiteElo "2263"]
[BlackElo "2236"]
[PlyCount "104"]
[EventDate "2008.08.12"]
[EventType "tourn"]
[EventRounds "11"]
[EventCountry "RUS"]
[EventCategory "2"]
[SourceTitle "CBM 125 Extra"]
[Source "ChessBase"]
[SourceDate "2008.09.01"]
[SourceVersion "1"]
[SourceVersionDate "2008.09.01"]
[SourceQuality "1"]

1. e4 c6 2. d4 d5 3. Nd2 dxe4 4. Nxe4 Nd7 5. Nf3 Ngf6 6. Nxf6+ Nxf6 7. Ne5 Bf5 8. c3 e6 9. g4 Bg6 10. h4 Bd6 11. Qe2 Bxe5 12. dxe5 Qd5 13. Rh3 Nxg4 14. Qxg4 Bf5 15. Qd4 Qxd4 16. cxd4 Bxh3 17. Bxh3 Rd8 18. Be3 Rd7 19. Ke2 h5 20. b4 0-0 21. Rb1 a6 22. Bg2 Rc8 23. a4 g6 24. Be4 Kg7 25. b5 cxb5 26. axb5 axb5 27. Rxb5 Rcc7 28. Kd3 Kh7 29. Bd2 Kg7 30. Rb1 Rc8 31. Rxb7 Rxb7 32. Bxb7 Rb8 33. Bg2 Rd8 34. Be4 Rd7 35. Kc4 Ra7 36. Kc5 Ra2 37. Be3 Ra4 38. Kd6 Kf8 39. Bc6 Rc4 40. d5 exd5 41. Bxd5 Ra4 42. Kd7 Ra5 43. Bxf7 Kxf7 44. e6+ Kf6 45. Bd4+ Kf5 46. e7 Ra8 47. e8Q Rxe8 48. Kxe8 g5 49. hxg5 Kxg5 50. Be5 Kg4 51. Bh2 Kf3 52. Bg3 Kg4 1/2-1/2

[Event "Peterhof"]
[Site "Peterhof"]
[Date "2008.08.13"]
[Round "2"]
[White "Timofeev, Andrei"]
[Black "Kazakov, Konstantin"]
[Result "1-0"]
[WhiteElo "2236"]
[BlackElo "2154"]
[PlyCount "177"]
[EventDate "2008.08.12"]
[EventType "tourn"]
[EventRounds "11"]
[EventCountry "RUS"]
[EventCategory "2"]
[SourceTitle "CBM 125 Extra"]
[Source "ChessBase"]
[SourceDate "2008.09.01"]
[SourceVersion "1"]
[SourceVersionDate "2008.09.01"]
[SourceQuality "1"]

1. c4 c5 2. Nc3 Nc6 3. Nf3 d6 4. d4 cxd4 5. Nxd4 Nf6 6. g3 Qb6 7. Nc2 Be6 8. Ne3 g6 9. Ncd5 Bxd5 10. Nxd5 Nxd5 11. Qxd5 Bg7 12. Rb1 Nb4 13. Qb5+ Qxb5 14. cxb5 e6 15. Bd2 Nc2+ 16. Kd1 Nd4 17. e3 Nf5 18. g4 Ne7 19. Bg2 d5 20. b3 f5 21. h3 Kd7 22. Bb4 a5 23. bxa6 bxa6 24. Kd2 Nc6 25. Ba3 a5 26. gxf5 gxf5 27. Bb2 Bxb2 28. Rxb2 Rab8 29. Rc1 a4 30. Rbc2 axb3 31. axb3 Na5 32. Ke2 Rxb3 33. Rc7+ Kd6 34. Ra7 Nc4 35. Rc2 Rg8 36. Bf3 Rg1 37. Bh5 Rxe3+ 38. fxe3 Rg2+ 39. Kd3 Rg3 40. Re2 Rxh3 41. Bf7 Ke5 42. Bg8 Rg3 43. Ra8 Nd6 44. Rh2 Ne4 45. Re8 Rg6 46. Bxh7 Rg7 47. Bg8 Nc5+ 48. Ke2 Ra7 49. Rh6 Ra6 50. Rc8 Ne4 51. Rc7 Rb6 52. Bf7 Ra6 53. Rb7 Rd6 54. Ra7 Rb6 55. Ra8 Nc3+ 56. Ke1 Ne4 57. Kd1 Nf2+ 58. Kc2 Ng4 59. Rh3 Nf2 60. Rhh8 Ng4 61. Ra3 Nf6 62. Bh5 Rc6+ 63. Kd1 Rb6 64. Bf3 Rb1+ 65. Kc2 Rf1 66. Rh3 Ne8 67. Be2 Rg1 68. Ra6 Nd6 69. Bd3 Rg8 70. Rh6 Rg2+ 71. Kc3 Rg3 72. Kd2 Rg1 73. Rxd6 Kxd6 74. Bxf5 Ke5 75. Bh3 Kd6 76. Rxe6+ Kc5 77. Re8 Rg3 78. Bf5 Rg2+ 79. Kd3 Rh2 80. Rc8+ Kd6 81. Bg4 Rh4 82. Bf3 Rh3 83. Ke2 Rh2+ 84. Ke1 Rh3 85. Kf2 Rh2+ 86. Kg3 Rd2 87. Rd8+ Ke6 88. Kf4 Rd3 89. Rxd5 1-0

[Event "St Petersburg June op"]
[Site "St Petersburg"]
[Date "2008.06.28"]
[Round "8"]
[White "Timofeev, Andrei"]
[Black "Korchagina, Victoria"]
[Result "1/2-1/2"]
[WhiteElo "2248"]
[BlackElo "2147"]
[PlyCount "135"]
[EventDate "2008.06.21"]
[EventType "swiss"]
[EventRounds "9"]
[EventCountry "RUS"]
[SourceTitle "CBM 125 Extra"]
[Source "ChessBase"]
[SourceDate "2008.09.01"]
[SourceVersion "1"]
[SourceVersionDate "2008.09.01"]
[SourceQuality "1"]

1. c4 Nf6 2. Nc3 g6 3. Nf3 Bg7 4. g3 0-0 5. Bg2 d6 6. 0-0 e5 7. d3 h6 8. Rb1 a5 9. a3 Re8 10. Bd2 e4 11. Ne1 exd3 12. Nxd3 Nc6 13. Re1 Bg4 14. h3 Be6 15. Nd5 Kh7 16. Bc3 a4 17. N3f4 Bxd5 18. Nxd5 Nxd5 19. Qxd5 Qe7 20. Bxg7 Kxg7 21. b4 axb3 22. Rxb3 Na5 23. Re3 Qg5 24. Rc3 Qxd5 25. cxd5 b5 26. Rxc7 Nc4 27. e4 Rxa3 28. Rb1 Ra5 29. f3 Rea8 30. Bf1 Nd2 31. Rb2 Nxf3+ 32. Kf2 Ne5 33. Rb7 Ra3 34. Be2 Nd3+ 35. Bxd3 Rxd3 36. R7xb5 Raa3 37. Rb6 Rf3+ 38. Ke1 Rxg3 39. Re2 Rxh3 40. Kf1 h5 41. Rxd6 h4 42. Rd7 Rhf3+ 43. Rf2 h3 44. Rxf3 Rxf3+ 45. Kg1 Kf6 46. Rd8 Rd3 47. Kh2 Kg5 48. Rd7 f6 49. Rd6 Rf3 50. Ra6 Kg4 51. e5 Rf2+ 52. Kh1 fxe5 53. Rxg6+ Kf5 54. Rh6 Rf3 55. Rh5+ Kf4 56. Kh2 Rd3 57. Rh4+ Kf5 58. Rxh3 Rxd5 59. Kg1 Kf4 60. Kf2 Rd2+ 61. Ke1 Rg2 62. Rh4+ Ke3 63. Rh3+ Kd4 64. Ra3 e4 65. Rb3 e3 66. Rb8 Rg1+ 67. Ke2 Rg2+ 68. Ke1 1/2-1/2

[Event "St Petersburg June op"]
[Site "St Petersburg"]
[Date "2008.06.22"]
[Round "2"]
[White "Timofeev, Andrei"]
[Black "Solovjev, Viktor"]
[Result "1-0"]
[WhiteElo "2248"]
[BlackElo "2085"]
[PlyCount "55"]
[EventDate "2008.06.21"]
[EventType "swiss"]
[EventRounds "9"]
[EventCountry "RUS"]
[SourceTitle "CBM 125 Extra"]
[Source "ChessBase"]
[SourceDate "2008.09.01"]
[SourceVersion "1"]
[SourceVersionDate "2008.09.01"]
[SourceQuality "1"]

1. e3 Nf6 2. c4 c5 3. Nc3 e6 4. d4 d5 5. Nf3 Nc6 6. a3 cxd4 7. exd4 Be7 8. Bd3 dxc4 9. Bxc4 0-0 10. 0-0 a6 11. Bf4 b5 12. Ba2 Bb7 13. Re1 Re8 14. Qd3 Rc8 15. Rad1 Na5 16. Ne5 Nd5 17. Bd2 Bf8 18. Nxd5 Bxd5 19. Bxd5 exd5 20. Qf3 Re7 21. Bb4 Ra7 22. Bxa5 Qxa5 23. Qxd5 Rd8 24. Qf3 Re7 25. Rf1 Rd6 26. Nc6 Rxc6 27. Qxc6 Re2 28. d5 1-0

[Event "Petrovskaya Ladya IM"]
[Site "Peterhof"]
[Date "2008.01.09"]
[Round "10"]
[White "Timofeev, Andrei"]
[Black "Fedoseev, Vladimir1"]
[Result "1-0"]
[WhiteElo "2242"]
[BlackElo "2247"]
[PlyCount "133"]
[EventDate "2008.01.03"]
[EventType "tourn"]
[EventRounds "11"]
[EventCountry "RUS"]
[EventCategory "2"]
[SourceTitle "CBM 122 Extra"]
[Source "ChessBase"]
[SourceDate "2008.03.04"]
[SourceVersion "1"]
[SourceVersionDate "2008.03.04"]
[SourceQuality "1"]

1. c4 e5 2. Nc3 Nc6 3. g3 g6 4. Bg2 Bg7 5. e3 f5 6. d3 Nge7 7. Nge2 0-0 8. 0-0 d6 9. Rb1 a5 10. a3 Be6 11. b4 axb4 12. axb4 d5 13. b5 Na5 14. cxd5 Nxd5 15. Nxd5 Bxd5 16. e4 Be6 17. Qc2 Qd6 18. Be3 Rfd8 19. Rfd1 Qe7 20. Bc5 Qf7 21. Nc1 f4 22. Bb4 f3 23. Bf1 b6 24. Qb2 Nc4 25. Qc3 Nd6 26. Bxd6 Rxd6 27. Rd2 g5 28. Rc2 Rc8 29. Qb2 Qh5 30. Rc6 Rxc6 31. bxc6 Bh3 32. Qb3+ Kh8 33. Qd1 Bxf1 34. Qxf1 Qh6 35. Nb3 Qxc6 36. Nd2 g4 37. Nc4 b5 38. Ne3 h5 39. h3 Qd7 40. Nf5 Rd8 41. Qc1 Qxd3 42. Nxg7 Kxg7 43. Qg5+ Kf7 44. Qf5+ Ke7 45. Qxe5+ Kd7 46. Rc1 Qd6 47. Qf5+ Ke7 48. Qh7+ Kf6 49. Rxc7 Ke5 50. Qxh5+ Kxe4 51. Qxg4+ Ke5 52. Qg5+ Ke6 53. Qe3+ Kf6 54. Qxf3+ Ke5 55. Rb7 Qd1+ 56. Kg2 Qxf3+ 57. Kxf3 Rd3+ 58. Kg4 Rb3 59. f4+ Kf6 60. Rb6+ Kg7 61. h4 b4 62. h5 Kh7 63. Kh4 Rb1 64. Kg5 b3 65. Rb7+ Kg8 66. Kg6 Kf8 67. h6 1-0

[Event "Petrovskaya Ladya IM"]
[Site "Peterhof"]
[Date "2008.01.08"]
[Round "8"]
[White "Timofeev, Andrei"]
[Black "Kosov, Ivan"]
[Result "0-1"]
[WhiteElo "2242"]
[BlackElo "2365"]
[PlyCount "90"]
[EventDate "2008.01.03"]
[EventType "tourn"]
[EventRounds "11"]
[EventCountry "RUS"]
[EventCategory "2"]
[SourceTitle "CBM 122 Extra"]
[Source "ChessBase"]
[SourceDate "2008.03.04"]
[SourceVersion "1"]
[SourceVersionDate "2008.03.04"]
[SourceQuality "1"]

1. c4 e5 2. Nc3 Nc6 3. Nf3 g6 4. d3 Bg7 5. g3 d6 6. Bg2 f5 7. 0-0 Nf6 8. Rb1 a5 9. a3 0-0 10. b4 axb4 11. axb4 h6 12. Ne1 g5 13. e3 f4 14. Nd5 Nxd5 15. Bxd5+ Kh8 16. exf4 exf4 17. Bb2 Bxb2 18. Rxb2 Qf6 19. Qh5 Bg4 20. Qxg4 Qxb2 21. Nf3 Nxb4 22. Bxb7 Ra1 23. Be4 Rxf1+ 24. Kxf1 fxg3 25. hxg3 Qf6 26. Kg2 c6 27. d4 d5 28. cxd5 cxd5 29. Bb1 Kg8 30. Qh5 Nc6 31. Qg6+ Qxg6 32. Bxg6 Kg7 33. Bb1 Kf6 34. Nh2 Ke6 35. Ng4 h5 36. Ne3 Nxd4 37. f4 gxf4 38. gxf4 Nf5 39. Nd1 Rg8+ 40. Kf2 h4 41. Bxf5+ Kxf5 42. Ne3+ Ke4 43. f5 h3 44. f6 h2 45. f7 Rf8 0-1

[Event "Chigorin Memorial-B 15th"]
[Site "St Petersburg"]
[Date "2007.12.02"]
[Round "2"]
[White "Timofeev, Andrei"]
[Black "Palchun, Grigory"]
[Result "1/2-1/2"]
[WhiteElo "2246"]
[BlackElo "2051"]
[PlyCount "236"]
[EventDate "2007.11.30"]
[EventType "swiss"]
[EventRounds "9"]
[EventCountry "RUS"]
[SourceTitle "CBM 121 Extra"]
[Source "ChessBase"]
[SourceDate "2008.01.10"]
[SourceVersion "1"]
[SourceVersionDate "2008.01.10"]
[SourceQuality "1"]

1. d4 Nf6 2. Bg5 Ne4 3. Bf4 d5 4. Nd2 Bf5 5. e3 e6 6. Nxe4 Bxe4 7. Nf3 Bd6 8. Ne5 Nd7 9. f3 Bf5 10. Qe2 0-0 11. g4 Bxe5 12. dxe5 Bg6 13. h4 f6 14. h5 Be8 15. exf6 Qxf6 16. 0-0-0 e5 17. Bh2 Nb6 18. Bg2 Bf7 19. Bg3 Nc4 20. b3 Nb6 21. Bh4 Qd6 22. Kb1 Qa3 23. c3 a5 24. Qb2 Qc5 25. Bf2 Qc6 26. Bg3 Rfe8 27. a4 Nd7 28. Bf1 Qb6 29. Bf2 d4 30. exd4 Qxb3 31. Bd3 Nb6 32. Qxb3 Bxb3 33. Rde1 Nxa4 34. Rxe5 Rxe5 35. dxe5 Rd8 36. Bc2 Nxc3+ 37. Kb2 Bxc2 38. Kxc2 Nd5 39. Re1 Re8 40. Bg3 Kf7 41. f4 Nb4+ 42. Kb3 Nc6 43. f5 Rc8 44. Kc4 a4 45. g5 a3 46. e6+ Ke7 47. h6 gxh6 48. f6+ Kf8 49. gxh6 a2 50. Ra1 Ra8 51. Bxc7 Ke8 52. Kc5 Nd8 53. f7+ Nxf7 54. exf7+ Kxf7 55. Be5 Ra5+ 56. Kd4 b5 57. Bg7 Ra4+ 58. Kc5 b4 59. Kb5 Ra8 60. Kxb4 Kg6 61. Kb5 Kf7 62. Kc6 Kg6 63. Kb7 Ra3 64. Bf8 Ra4 65. Kb6 Ra8 66. Bg7 Ra3 67. Kc5 Ra8 68. Kc4 Ra6 69. Kb3 Rb6+ 70. Kc2 Rc6+ 71. Bc3 Kxh6 72. Rxa2 Rd6 73. Bd2+ Kg6 74. Kd1 Re6 75. Ra3 Kf5 76. Rh3 Re7 77. Bh6 Kg4 78. Rh1 Kf5 79. Kd2 Kg4 80. Kd3 Kf5 81. Be3 Kg4 82. Ke2 Kf5 83. Kf3 Rf7 84. Bf4 Kg6 85. Ke4 Re7+ 86. Be5 Re8 87. Rg1+ Kf7 88. Kf5 Re7 89. Rb1 Rd7 90. Rb8 Ke7 91. Rh8 Kf7 92. Rxh7+ Ke8 93. Rh8+ Kf7 94. Rh3 Ke7 95. Rg3 Kf7 96. Re3 Re7 97. Rd3 Rb7 98. Rd6 Re7 99. Rh6 Rd7 100. Bd6 Kg7 101. Rg6+ Kf7 102. Rf6+ Kg7 103. Kg5 Kg8 104. Rh6 Kf7 105. Rg6 Rd8 106. Rf6+ Ke8 107. Kf5 Kd7 108. Ke5 Rh8 109. Kd5 Rh7 110. Rf8 Rg7 111. Ra8 Rf7 112. Be5 Ke7 113. Ra6 Kd7 114. Bf6 Kc8 115. Ke6 Kb7 116. Ra2 Rc7 117. Be5 Rh7 118. Kd5 Rh6 1/2-1/2

[Event "Petrovskaya Ladya IM1"]
[Site "Peterhof"]
[Date "2007.08.11"]
[Round "11"]
[White "Levin, Evgeny A"]
[Black "Timofeev, Andrei"]
[Result "1/2-1/2"]
[WhiteElo "2421"]
[BlackElo "2256"]
[PlyCount "112"]
[EventDate "2007.08.06"]
[EventType "tourn"]
[EventRounds "13"]
[EventCountry "RUS"]
[EventCategory "3"]
[SourceTitle "CBM 119 Extra"]
[Source "ChessBase"]
[SourceDate "2007.09.04"]
[SourceVersion "1"]
[SourceVersionDate "2007.09.04"]
[SourceQuality "1"]

1. e4 c6 2. d4 d5 3. Nc3 dxe4 4. Nxe4 Nf6 5. Nxf6+ gxf6 6. Bc4 Bf5 7. Ne2 e6 8. 0-0 Qc7 9. a4 Nd7 10. a5 Bd6 11. Ng3 Bg6 12. Re1 h5 13. a6 b5 14. Bd3 Bxd3 15. Qxd3 h4 16. Nf1 0-0-0 17. b3 f5 18. Bb2 Rhg8 19. h3 Rg6 20. Re2 Nf6 21. Bc1 Bf4 22. Bxf4 Qxf4 23. Qc3 Kd7 24. d5 Nxd5 25. Rd1 Rdg8 26. f3 Qc7 27. Ne3 Kc8 28. Nxd5 cxd5 29. Qb4 Qb6+ 30. Kh1 Qxa6 31. c4 bxc4 32. bxc4 Qxc4 33. Qb2 Kd7 34. Rc2 Rb8 35. Qc1 Qb4 36. Qa1 Rb7 37. Rdc1 d4 38. Rc4 Qb2 39. Rc7+ Kd6 40. R1c6+ Ke5 41. Qe1+ Kf6 42. Qxh4+ Kg7 43. Rc2 Qa1+ 44. Rc1 Rb1 45. Qf4 d3 46. Kh2 Rxc1 47. Qxc1 Qe5+ 48. f4 Qd4 49. Qc3 e5 50. fxe5 Qf4+ 51. Kg1 Qe3+ 52. Kh1 Kh6 53. Rb7 Rxg2 54. Kxg2 Qe4+ 55. Kg3 f4+ 56. Kg4 Qxb7 1/2-1/2